000 03112nam0a2200325 4500
001 RU\NLR\BIBL_A\012577056
005 20250722103200.0
010 _a978-5-907284-37-1
_9500
021 _aRU
_bКН-П-21-021334
_9КН-П-21-1660
035 _a(NLR Aleph) 012577056
090 _a12509708
_c12509708
100 _a20210810d2020 u y0rusy50 ca
101 0 _arus
102 _aRU
105 _aa|||j|||000zy
181 0 _ai
_baxxe
182 0 _an
200 1 _aПроектирование основной образовательной программы дошкольной образовательной организации
_eучебно-методическое пособие
_eдля студентов педагогических вузов, обучающихся по направлениям подготовки 44.03.05 Педагогическое образование (с двумя профилями подготовки), направленность (профиль) "Дошкольное образование. Управление дошкольным образованием", "Дошкольное образование. Иностанный язык", "Начальное образование. Дошкольное образование", 44.04.01 Педагогическое образование, направленность (профиль) "Менеджмент в дошкольном образовании", 44.04.02 Психолого-педагогическое образование, направленность (профиль) "Управление и экспертиза в дошкольном образовании"
_fМ.Л. Семёнова
_gМинистерство просвещения Российской Федерации, Федеральное государственное бюджетное образовательное учреждение высшего образования "Южно-Уральский государственный гуманитарно-педагогический университет" (ФГБОУ ВО "ЮУрГГПУ"), Южно-Уральский научный центр Российской академии образования
203 _aТекст
_bвизуальный
_cнепосредственный
210 _aЧелябинск
_cЮжно-Урал. научный центр РАО
_d2020
215 _a119, [1] с.
_cтабл.
_d20
320 _aБиблиогр.: с. 114-119 (41 назв.)
606 1 _aДошкольные учреждения
_jУчебно-методические пособия для высших учебных заведений
_xУчебные программы
_xСоставление
_92670073
_3RU\NLR\AUTH\6601757048
686 1 _aЧ411.311я73
700 1 _7ca
_8rus
_aСеменова
_bМ. Л.
_cканд. пед. наук
_gМарина Леонидовна
_923431
_3RU\NLR\AUTH\7740479
942 _cBOOK
980 _aNB
980 _aNBR